00522nim a2200217 a 4500001000800000005001700008007001400025008004100039010001700080020001500097028003400112040001300146041000800159080001100167082001100178100000700189101000800196245002700204306001100231511006200242562782220180302053348.0ssulunjlcnnnu910211s1989 caunnn r pf eng  a 91740166  a002196980902aG19698.03/7bGlencoe Pub. Co. aDLCcDLC aeng a82 BER a82 BER a21 aGJL00aIntroducing literature a0245000 aRead by professional actors or by the authors themselves.